| 000 | 00483nam a2200169Ia 4500 | ||
|---|---|---|---|
| 003 | GCL | ||
| 008 | 140319s9999 xx 000 0 ara d | ||
| 040 |
_aGCL / _cGCL |
||
| 082 | 0 | 4 |
_a944.04 _bل ر |
| 245 | 1 | 0 | _aروح الثورات والثورة الفرنسية |
| 300 | _a176 ص | ||
| 490 |
_aكتاب _v0 |
||
| 650 | 0 | 4 | _aالثورات |
| 650 | 0 | 4 | _aالانقلابات العسكرية |
| 650 | 0 | 4 | _aفرنسا - تاريخ - الثورةالفرنسية |
| 942 |
_2ddc _cBK |
||
| 999 |
_c43100 _d43100 |
||